[Event "Titled Tue 20th May Early"]
[Site "chess.com INT"]
[Date "2025.05.20"]
[Round "2"]
[White "Le, Minh Tu"]
[Black "Matinian, Nikita"]
[Result "0-1"]
[WhiteTitle "FM"]
[BlackTitle "GM"]
[WhiteElo "1932"]
[BlackElo "2420"]
[WhiteFideId "12404888"]
[BlackFideId "24129100"]
[EventDate "2025.05.20"]

1. d4 Nf6 2. Bf4 e6 3. e3 Bd6 4. Bg5 b6 5. Nf3 Bb7 6. Bd3 h6 7. Bh4 Be7 8. O-O
Ne4 9. Bxe7 Qxe7 10. Nbd2 f5 11. c3 d6 12. Qc2 Nxd2 13. Nxd2 Nd7 14. e4 f4 15.
e5 O-O 16. Be4 Bxe4 17. Qxe4 d5 18. Qd3 c5 19. c4 dxc4 20. Qxc4 Rad8 21. Nf3 g5
22. d5 g4 23. d6 Qf7 24. Nd2 Nxe5 25. Qe4 Rxd6 26. Qxe5 Rxd2 27. Rad1 Rfd8 28.
Rxd2 Rxd2 29. a4 f3 30. a5 Rd5 31. Qb8+ Kg7 32. axb6 axb6 33. Qxb6 h5 34. g3 Qd7
35. b4 Rd1 36. Qb5 Qxb5 0-1

[Event "Titled Tue 20th May Early"]
[Site "chess.com INT"]
[Date "2025.05.20"]
[Round "2"]
[White "Koridze, Lile"]
[Black "Vasquez Schroeder, Rodrigo"]
[Result "1-0"]
[WhiteTitle "WFM"]
[BlackTitle "GM"]
[WhiteElo "2110"]
[BlackElo "2446"]
[WhiteFideId "13612514"]
[BlackFideId "3400042"]
[EventDate "2025.05.20"]

1. d4 d5 2. c4 c6 3. Nf3 Nf6 4. e3 Bg4 5. Be2 e6 6. O-O Nbd7 7. Nbd2 Bd6 8. h3
Bh5 9. Qc2 O-O 10. b3 Rc8 11. Bb2 b5 12. Bd3 Bg6 13. Bxg6 hxg6 14. e4 dxe4 15.
Nxe4 Nxe4 16. Qxe4 Re8 17. Rad1 Qc7 18. Qe2 a6 19. Rfe1 Bb4 20. Rf1 Qa5 21. Ba1
bxc4 22. bxc4 c5 23. dxc5 Nf6 24. Ne5 Bxc5 25. Ng4 Be7 26. Ne5 Qc7 27. Rfe1 Bb4
28. Rf1 Red8 29. Rxd8+ Rxd8 30. Rd1 Bc5 31. g3 Rxd1+ 32. Qxd1 Ne4 33. Qf3 Nxf2
34. Kg2 g5 35. Qa8+ Kh7 36. Qxa6 Nd1 37. Qc6 Qa7 38. Qe4+ f5 39. Qe2 Ne3+ 40.
Kh2 g6 41. Nf3 Qe7 42. h4 Ng4+ 43. Kg2 gxh4 44. Nxh4 Ne3+ 45. Kh2 Qg5 46. Nf3
Qh5+ 47. Kg1 Qg4 48. Qh2+ Kg8 49. Qh8+ Kf7 50. Ne5+ 1-0

[Event "Titled Tue 20th May Early"]
[Site "chess.com INT"]
[Date "2025.05.20"]
[Round "2"]
[White "Coe, William"]
[Black "Piddubna, Bozhena"]
[Result "0-1"]
[BlackTitle "WFM"]
[WhiteElo "2078"]
[BlackElo "2174"]
[WhiteFideId "30913624"]
[BlackFideId "34109293"]
[EventDate "2025.05.20"]

1. e4 e5 2. Nf3 Nc6 3. Bb5 a6 4. Ba4 Nf6 5. O-O Be7 6. Re1 b5 7. Bb3 d6 8. c3
Na5 9. Bc2 c5 10. h3 g5 11. d4 g4 12. dxe5 dxe5 13. Qxd8+ Bxd8 14. Nxe5 gxh3 15.
g3 Rg8 16. Nd2 h5 17. Ndf3 Bc7 18. b4 Nb7 19. Bf4 Bd6 20. Nd3 Bxf4 21. Nxf4 Bg4
22. Nh4 O-O-O 23. e5 Nd5 24. Nxd5 Rxd5 25. Bf5+ Kb8 26. Bxg4 hxg4 27. Re2 Re8
28. Rae1 Nd8 29. Nf5 Nc6 30. Nh6 Rdxe5 31. Rxe5 Rxe5 32. Rd1 f5 33. Nf7 Re7 34.
Nd6 cxb4 35. Nxf5 Re5 36. Nd4 Nxd4 37. cxd4 Rd5 38. Kh2 Kb7 39. f4 Kc6 40. Kg1
Rd7 41. Kf2 Kd5 42. Ke3 Re7+ 43. Kd3 Re4 44. Kc2 Rxd4 45. Re1 Rc4+ 46. Kd2 Rc3
47. Re5+ Kd4 48. Re6 Rxg3 49. Rh6 Rg2+ 50. Ke1 Ke3 51. Kf1 Kxf4 0-1

[Event "Titled Tue 20th May Early"]
[Site "chess.com INT"]
[Date "2025.05.20"]
[Round "2"]
[White "Perossa, Nicolas"]
[Black "Tahbaz, Arash"]
[Result "0-1"]
[WhiteTitle "FM"]
[BlackTitle "IM"]
[WhiteElo "2262"]
[BlackElo "2462"]
[WhiteFideId "2850520"]
[BlackFideId "12528846"]
[EventDate "2025.05.20"]

1. e4 d5 2. exd5 Qxd5 3. Nc3 Qa5 4. d4 Nf6 5. Bd2 c6 6. Bc4 Bf5 7. Nf3 Nbd7 8.
Qe2 Qc7 9. O-O-O e6 10. Nh4 Bg6 11. Nxg6 hxg6 12. Bb3 Be7 13. h4 b5 14. Bg5 Nb6
15. Rh3 a5 16. Re3 b4 17. Na4 Nxa4 18. Bxa4 Nd5 19. Re5 Bxg5+ 20. hxg5 Kf8 21.
g3 Rd8 22. Qc4 Rh2 23. Qxc6 Qxc6 24. Bxc6 Rxf2 25. Bxd5 Rxd5 26. Rxd5 exd5 27.
Re1 Rf5 28. Re5 Rxe5 29. dxe5 Ke7 30. c3 bxc3 31. b3 Ke6 32. Kc2 d4 33. Kd3 Kxe5
34. a3 Kd5 35. g4 Kc5 0-1

[Event "Titled Tue 20th May Early"]
[Site "chess.com INT"]
[Date "2025.05.20"]
[Round "2"]
[White "Lissillour, Baptiste"]
[Black "Barp, Alberto"]
[Result "0-1"]
[BlackTitle "IM"]
[WhiteElo "2318"]
[BlackElo "2414"]
[WhiteFideId "45179620"]
[BlackFideId "872555"]
[EventDate "2025.05.20"]

1. e4 c5 2. Nf3 d6 3. d4 cxd4 4. Nxd4 Nf6 5. Nc3 a6 6. a4 Nc6 7. Nxc6 bxc6 8.
Bc4 e6 9. O-O Be7 10. Bb3 O-O 11. Qf3 d5 12. Rd1 a5 13. Qg3 Kh8 14. Be3 Bb7 15.
Bd4 Rc8 16. Re1 c5 17. Bxf6 Bxf6 18. exd5 exd5 19. Rad1 c4 20. Ba2 d4 21. Nb5
Qd5 22. c3 d3 23. f3 Ba6 24. Nd6 Rc6 25. Ne4 Be7 26. Nf2 Bc5 27. Kh1 Rg6 28. Qh3
Bxf2 0-1

[Event "Titled Tue 20th May Early"]
[Site "chess.com INT"]
[Date "2025.05.20"]
[Round "2"]
[White "Gholami Orimi, Mahdi"]
[Black "Dominguez Exposito, Ibon"]
[Result "1-0"]
[WhiteTitle "GM"]
[BlackTitle "CM"]
[WhiteElo "2511"]
[BlackElo "2201"]
[WhiteFideId "12558486"]
[BlackFideId "54589452"]
[EventDate "2025.05.20"]

1. c4 e6 2. g3 d5 3. Bg2 Nf6 4. Nf3 dxc4 5. O-O a6 6. a4 Nc6 7. Na3 e5 8. Nxc4
e4 9. Ne1 Be6 10. b3 Bc5 11. d3 O-O 12. Bb2 Qe7 13. Bxf6 Qxf6 14. Bxe4 Rad8 15.
Rc1 Nd4 16. e3 Nf5 17. Bxb7 h5 18. Qxh5 g6 19. Qe2 Kg7 20. d4 Bb4 21. Nd3 a5 22.
Rfd1 Rh8 23. Nxb4 axb4 24. d5 Bd7 25. Qb2 Qxb2 26. Nxb2 Nd6 27. Rxc7 Bf5 28. Nc4
Nxc4 29. Rxc4 Be4 30. Rxe4 1-0

[Event "Titled Tue 20th May Early"]
[Site "chess.com INT"]
[Date "2025.05.20"]
[Round "2"]
[White "Sturt, Raven"]
[Black "Diachek, Andrii"]
[Result "1-0"]
[WhiteTitle "GM"]
[BlackTitle "CM"]
[WhiteElo "2459"]
[BlackElo "2226"]
[WhiteFideId "2007304"]
[BlackFideId "34106499"]
[EventDate "2025.05.20"]

1. f4 d5 2. Nf3 g6 3. e3 Bg7 4. c4 Nf6 5. cxd5 Nxd5 6. d4 c5 7. e4 Nf6 8. e5 Nd5
9. Nc3 Nxc3 10. bxc3 cxd4 11. cxd4 Qd5 12. Be3 Nc6 13. Qb3 Be6 14. Qxd5 Bxd5 15.
Kf2 O-O-O 16. Be2 h6 17. Rab1 Bxa2 18. Rb2 Bd5 19. Rc1 Kb8 20. Ne1 e6 21. Nd3
Bf8 22. Rcb1 Na5 23. Nb4 Bxb4 24. Rxb4 b6 25. Ra4 Nc6 26. Rba1 Rd7 27. Bb5 Rc7
28. g4 h5 29. g5 Ne7 30. Bc1 Bc6 31. Bxc6 Nxc6 32. Ba3 Kb7 33. Bd6 Rcc8 34. Ke3
a6 35. Rxa6 Ra8 36. Rxa8 Rxa8 37. Rf1 Ra2 38. d5 exd5 39. f5 Nd8 40. e6 fxe6 41.
fxg6 1-0

[Event "Titled Tue 20th May Early"]
[Site "chess.com INT"]
[Date "2025.05.20"]
[Round "2"]
[White "Popovic, Dobrivoj"]
[Black "Buscar, Michael"]
[Result "1/2-1/2"]
[WhiteTitle "CM"]
[WhiteElo "1945"]
[BlackElo "2016"]
[WhiteFideId "907103"]
[BlackFideId "2603616"]
[EventDate "2025.05.20"]

1. e4 c5 2. Nf3 Nc6 3. d4 cxd4 4. Nxd4 Nf6 5. Nc3 e5 6. Ndb5 h6 7. Nd6+ Bxd6 8.
Qxd6 Qe7 9. Qd1 O-O 10. Be3 Rd8 11. Bc4 d6 12. f3 Be6 13. Bb3 Na5 14. O-O Nxb3
15. axb3 d5 16. exd5 Nxd5 17. Nxd5 Rxd5 18. Qe2 a6 19. Rfd1 Rad8 20. Rxd5 Rxd5
21. Rd1 Qd7 22. Rxd5 Qxd5 23. Qd2 Qc6 24. Qc3 Qxc3 25. bxc3 Bf5 26. b4 Bxc2 27.
Kf2 f5 28. g3 Kf7 29. f4 Ke6 30. fxe5 Kxe5 31. Bd4+ Ke4 32. Bxg7 h5 33. Ke2 Bb3
34. Bd4 Bc4+ 35. Kf2 Bb5 36. Bc5 Kd3 37. Bd4 Bc6 38. Ke1 Be4 39. Kf2 Kc4 40. Ke3
Kd5 41. Kf4 Ke6 42. Kg5 Bf3 43. Kf4 Bg4 44. Kg5 Kd5 45. Kh4 Ke4 46. h3 Bd1 47.
Kg5 Be2 48. h4 Bg4 49. Kf6 Kd5 50. Kg5 Kc6 51. Kf4 b6 52. Ke3 a5 53. bxa5 bxa5
54. Kd2 a4 55. Kc2 Kd5 56. Kb2 Kc4 57. Ka3 Bd1 58. Bf6 1/2-1/2

[Event "Titled Tue 20th May Early"]
[Site "chess.com INT"]
[Date "2025.05.20"]
[Round "2"]
[White "Flis, Pawel"]
[Black "Shymanskyi, Oleksandr"]
[Result "0-1"]
[WhiteTitle "CM"]
[BlackTitle "FM"]
[WhiteElo "1954"]
[BlackElo "2218"]
[WhiteFideId "1112864"]
[BlackFideId "14168880"]
[EventDate "2025.05.20"]

1. e4 c5 2. Nf3 e6 3. d4 cxd4 4. Nxd4 Nc6 5. Nc3 Bc5 6. Ndb5 Qb6 7. Nd6+ Kf8 8.
Qd2 Nf6 9. Nc4 Qc7 10. Be2 a6 11. O-O b5 12. e5 Nxe5 13. Nxe5 Qxe5 14. Bf3 d5
15. Re1 Qd6 16. Ne2 Qb6 17. Rf1 Bb7 18. c3 Ke7 19. Nd4 Rhe8 20. Qg5 Kf8 21. Bd2
h6 22. Qg3 Bd6 23. Qh4 Qd8 24. Bf4 e5 25. Bxh6 exd4 0-1

[Event "Titled Tue 20th May Early"]
[Site "chess.com INT"]
[Date "2025.05.20"]
[Round "2"]
[White "Leon Acevedo, Juan Alejandro"]
[Black "Dann, Matthias"]
[Result "0-1"]
[WhiteTitle "CM"]
[BlackTitle "IM"]
[WhiteElo "2040"]
[BlackElo "2446"]
[WhiteFideId "4459261"]
[BlackFideId "24638056"]
[EventDate "2025.05.20"]

1. d4 Nf6 2. c4 e6 3. Nf3 Bb4+ 4. Nbd2 a5 5. a3 Bxd2+ 6. Nxd2 a4 7. e4 d6 8. Bd3
Nc6 9. Nf3 e5 10. d5 Ne7 11. O-O O-O 12. h3 Nd7 13. Bc2 f5 14. exf5 Nxf5 15. Ng5
Nf6 16. Qd3 h6 17. g4 Nd4 18. Nh7 Nxc2 19. Nxf6+ Qxf6 20. Qxc2 Qf3 21. Kh2 c6
22. dxc6 bxc6 23. Be3 d5 24. cxd5 cxd5 25. Rac1 d4 26. Bd2 Bb7 0-1

[Event "Titled Tue 20th May Early"]
[Site "chess.com INT"]
[Date "2025.05.20"]
[Round "2"]
[White "Stalmach, Richard"]
[Black "Rustemov, Alexander"]
[Result "0-1"]
[WhiteTitle "IM"]
[BlackTitle "GM"]
[WhiteElo "2444"]
[BlackElo "2525"]
[WhiteFideId "372048"]
[BlackFideId "4119002"]
[EventDate "2025.05.20"]

1. d4 d5 2. c4 dxc4 3. e4 Nf6 4. e5 Nd5 5. Bxc4 Bf5 6. Nc3 c6 7. Bxd5 cxd5 8.
Qb3 e6 9. Qxb7 Nd7 10. Qb3 Be7 11. Nf3 O-O 12. O-O h6 13. Be3 Qa5 14. Qa4 Qc7
15. Rfc1 Qb7 16. Qb5 Nb6 17. Nd2 Rab8 18. a4 a6 19. Qe2 Rfc8 20. b3 Nd7 21. h3
Bb4 22. Na2 Ba3 23. Rxc8+ Rxc8 24. g4 Bg6 25. Qe1 Bb2 26. Rd1 Bc2 27. Rb1 Bxb1
28. Qxb1 Ba3 29. b4 Qc6 30. Qb3 Bc1 31. Nxc1 Qxc1+ 32. Kg2 Qc3 33. Qb1 Rb8 34.
b5 axb5 35. axb5 Qa5 36. Qc2 Qxb5 37. Qc7 Qb7 38. Qd6 Nb6 39. Qc5 Nc4 40. Nf3
Nxe3+ 41. fxe3 Qb2+ 42. Kg3 Qb3 43. Qc7 Rf8 44. Kf4 Qd3 45. Qc1 Qe4+ 46. Kg3 f6
47. h4 f5 48. g5 Qg4+ 49. Kf2 f4 50. e4 dxe4 51. Nd2 e3+ 0-1

[Event "Titled Tue 20th May Early"]
[Site "chess.com INT"]
[Date "2025.05.20"]
[Round "2"]
[White "Gunawardhana, Devindya Oshini"]
[Black "Gelman, Alexander"]
[Result "0-1"]
[WhiteTitle "WIM"]
[BlackTitle "IM"]
[WhiteElo "2068"]
[BlackElo "2403"]
[WhiteFideId "29941482"]
[BlackFideId "4118316"]
[EventDate "2025.05.20"]

1. Nf3 Nf6 2. g3 c5 3. Bg2 e6 4. O-O Be7 5. c3 O-O 6. d4 d5 7. Nbd2 cxd4 8. cxd4
Nc6 9. b3 Bd7 10. Bb2 Qb6 11. e3 Rfc8 12. Ne5 Be8 13. Nxc6 Bxc6 14. Nf3 Bb5 15.
Re1 Bb4 16. a4 Bxe1 17. Qxe1 Bd3 18. b4 Rc2 19. Ba3 Ne4 20. Rc1 Rxf2 21. Ne5 Ra2
22. Nxd3 Rxa3 23. Bxe4 dxe4 24. Nc5 h6 25. Qd2 Qc6 26. b5 Qd5 27. Qb4 Rxe3 28.
Qd2 Ra3 29. Re1 Rd8 30. Rxe4 Qxc5 31. Rg4 Qf5 32. Rf4 Qb1+ 33. Rf1 Qe4 34. Rf4
Qe3+ 35. Qxe3 Rxe3 0-1

[Event "Titled Tue 20th May Early"]
[Site "chess.com INT"]
[Date "2025.05.20"]
[Round "2"]
[White "Nguyen, Thanh Nghia"]
[Black "Garcia Correa, Jose Ricardo"]
[Result "1-0"]
[WhiteTitle "CM"]
[BlackTitle "FM"]
[WhiteElo "2124"]
[BlackElo "2103"]
[WhiteFideId "12401870"]
[BlackFideId "5101832"]
[EventDate "2025.05.20"]

1. d4 Nf6 2. Bf4 e6 3. e3 Bd6 4. Bg5 b6 5. Nd2 Bb7 6. Ngf3 Be7 7. Bd3 c5 8. c3
d6 9. Qe2 O-O 10. e4 Nbd7 11. e5 Nd5 12. h4 h6 13. Qe4 f5 14. exf6 N7xf6 15.
Bxf6 Nxf6 16. Qxb7 d5 17. Ne5 Bd6 18. Ndf3 c4 19. Bc2 Re8 20. Qf7+ Kh8 21. Ng6+
Kh7 22. Nfe5 Ne4 23. f3 Qf6 24. fxe4 Qxf7 25. Nxf7 Bg3+ 26. Ke2 Kxg6 27. Raf1
Kh5 28. e5 Rf8 29. Rh3 Kg4 30. Ke3 g5 31. Bd1# 1-0

[Event "Titled Tue 20th May Early"]
[Site "chess.com INT"]
[Date "2025.05.20"]
[Round "2"]
[White "Zlatin, Alexander"]
[Black "Nezamyatin, Ruslan"]
[Result "1-0"]
[WhiteTitle "FM"]
[BlackTitle "CM"]
[WhiteElo "2306"]
[BlackElo "2070"]
[WhiteFideId "2810549"]
[BlackFideId "24153451"]
[EventDate "2025.05.20"]

1. e4 d5 2. exd5 Nf6 3. d4 Nxd5 4. c4 Nb6 5. Nc3 e5 6. d5 c6 7. Nf3 Bg4 8. Be2
Bb4 9. O-O Bxc3 10. bxc3 Bxf3 11. Bxf3 O-O 12. Ba3 Re8 13. Qb3 Qh4 14. c5 e4 15.
g3 Qd8 16. Bxe4 Rxe4 17. cxb6 Qxb6 18. Rfe1 Qxb3 19. axb3 cxd5 20. Rxe4 dxe4 21.
Re1 f5 22. f3 Nc6 23. fxe4 Re8 24. Kf2 fxe4 25. Ke3 Na5 26. Bb4 Nc6 27. Bc5 a6
28. Rd1 Ne5 29. Kxe4 Nd7+ 30. Kd4 Nxc5 31. Kxc5 Rc8+ 32. Kb4 Rc7 33. c4 Kf7 34.
Ka5 Ke6 35. Kb6 Rf7 36. Re1+ Kd6 37. b4 g6 38. b5 axb5 39. cxb5 Kd5 40. Rd1+ Kc4
41. Rc1+ Kb4 42. Rb1+ Kc4 43. Ka7 Kc5 44. b6 Kc6 45. Rc1+ Kd6 46. Rc8 h5 47. Rg8 1-0

[Event "Titled Tue 20th May Early"]
[Site "chess.com INT"]
[Date "2025.05.20"]
[Round "2"]
[White "Behzad Nazif, Parva"]
[Black "Dinesh, Rajan M"]
[Result "0-1"]
[WhiteTitle "WIM"]
[BlackTitle "CM"]
[WhiteElo "2090"]
[BlackElo "2133"]
[WhiteFideId "12563790"]
[BlackFideId "35060600"]
[EventDate "2025.05.20"]

1. e4 c5 2. Nf3 e6 3. d4 cxd4 4. Qxd4 Nf6 5. Nc3 Nc6 6. Qe3 Bb4 7. a3 Qa5 8. Bd2
d5 9. e5 d4 10. Nxd4 Nd5 11. Nxc6 bxc6 12. Qg3 Bxc3 13. bxc3 Ne7 14. Qxg7 Rg8
15. Qf6 Rg6 16. c4 Qa4 17. Qh8+ Rg8 18. Qxh7 Ba6 19. Bb4 c5 20. Bxc5 Qa5+ 21.
Bb4 Qxe5+ 22. Be2 Qxa1+ 23. Kd2 O-O-O+ 24. Bd3 Qxh1 25. Bxe7 Qxg2 0-1

[Event "Titled Tue 20th May Early"]
[Site "chess.com INT"]
[Date "2025.05.20"]
[Round "2"]
[White "Mishra, Abhimanyu"]
[Black "Souleidis, Georgios"]
[Result "1-0"]
[WhiteTitle "GM"]
[BlackTitle "IM"]
[WhiteElo "2605"]
[BlackElo "2418"]
[WhiteFideId "30920019"]
[BlackFideId "4206827"]
[EventDate "2025.05.20"]

1. e4 c6 2. d4 d5 3. e5 Bf5 4. Nd2 e6 5. Nb3 h5 6. Nf3 a5 7. a4 Nd7 8. Be2 Ne7
9. Nh4 g6 10. O-O Bg7 11. c3 b6 12. Nd2 Nf8 13. h3 Nc8 14. Ndf3 Nh7 15. Nxf5
gxf5 16. h4 f6 17. exf6 Bxf6 18. Ne5 O-O 19. g3 Kh8 20. Ng6+ Kg7 21. Nxf8 Nxf8
22. Bxh5 Ne7 23. Re1 Neg6 24. Bxg6 Kxg6 25. Bf4 Ra7 26. Qf3 Rh7 27. Re2 Kf7 28.
Rae1 Rg7 29. Qh5+ Kg8 30. Rxe6 Nxe6 31. Rxe6 Re7 32. Qxf5 Rxe6 33. Qxe6+ Kg7 34.
Qxf6+ 1-0

[Event "Titled Tue 20th May Early"]
[Site "chess.com INT"]
[Date "2025.05.20"]
[Round "2"]
[White "King, Alexander"]
[Black "Papasimakopoulos, Alexandros"]
[Result "1-0"]
[WhiteTitle "FM"]
[BlackTitle "IM"]
[WhiteElo "2263"]
[BlackElo "2366"]
[WhiteFideId "2063620"]
[BlackFideId "4244125"]
[EventDate "2025.05.20"]

1. Nf3 Nf6 2. c4 b6 3. g3 Bb7 4. Bg2 e6 5. O-O c5 6. Nc3 Be7 7. d4 cxd4 8. Qxd4
O-O 9. Rd1 a6 10. b3 d6 11. Ba3 d5 12. Bxe7 Qxe7 13. cxd5 Nxd5 14. Nxd5 Bxd5 15.
Qxb6 Nd7 16. Qe3 Nf6 17. Ne5 Bxg2 18. Kxg2 a5 19. Rdc1 a4 20. Qf3 axb3 21. axb3
Rxa1 22. Rxa1 Qc5 23. Nc4 Nd5 24. h4 h6 25. Rd1 Rb8 26. Rd3 Qc7 27. e4 Nf6 28.
Nd6 Qa7 29. Rc3 Qd7 30. e5 Nd5 31. Rc4 Qa7 32. Rg4 Rxb3 33. Qxb3 Kh8 34. Qb7 Qa2
35. Qxf7 Ne3+ 36. Kh3 Nxg4 37. Kxg4 Qe2+ 38. Qf3 Qb2 39. Kh3 Kh7 40. Qf4 Qa1 41.
Kg2 Qa8+ 42. Qe4+ Qxe4+ 43. Nxe4 Kg6 44. g4 h5 45. f3 Kh6 46. Kg3 Kg6 47. Kf4
Kh6 48. Nc5 hxg4 49. fxg4 g5+ 50. hxg5+ Kg6 51. Nxe6 Kf7 52. Kf5 Ke7 53. g6 Ke8
54. Kf6 1-0

[Event "Titled Tue 20th May Early"]
[Site "chess.com INT"]
[Date "2025.05.20"]
[Round "2"]
[White "Wijerathna, Vinuka Dihain"]
[Black "Sobek, Jaroslav"]
[Result "1-0"]
[WhiteTitle "CM"]
[BlackTitle "FM"]
[WhiteElo "2063"]
[BlackElo "2195"]
[WhiteFideId "29981905"]
[BlackFideId "301388"]
[EventDate "2025.05.20"]

1. e4 c5 2. Nf3 a6 3. c3 d5 4. exd5 Qxd5 5. d4 Nf6 6. Be2 e6 7. O-O Be7 8. Be3
Nbd7 9. Na3 O-O 10. Nc2 b6 11. c4 Qd6 12. dxc5 Nxc5 13. Qxd6 Bxd6 14. Rfd1 Bc7
15. b3 Bb7 16. Ncd4 Rfd8 17. Rac1 h6 18. h3 Rd7 19. b4 Nce4 20. c5 bxc5 21. bxc5
Bd5 22. c6 Rdd8 23. a3 Rdc8 24. Rc2 Bd6 25. a4 Bc7 26. Rdc1 1-0

[Event "Titled Tue 20th May Early"]
[Site "chess.com INT"]
[Date "2025.05.20"]
[Round "2"]
[White "Goncharov, Vladimir"]
[Black "Pulpan, Jakub"]
[Result "0-1"]
[BlackTitle "IM"]
[WhiteElo "2077"]
[BlackElo "2405"]
[WhiteFideId "34162256"]
[BlackFideId "302759"]
[EventDate "2025.05.20"]

1. d4 e6 2. c4 Nf6 3. Nf3 h6 4. g3 b6 5. Bg2 Bb7 6. O-O Be7 7. Qc2 Be4 8. Qb3
Nc6 9. Nbd2 Bh7 10. Re1 Ne4 11. d5 Nc5 12. Qc3 Bf6 13. Qa3 exd5 14. cxd5 Ne7 15.
e4 d6 16. Rb1 a5 17. b3 O-O 18. Bf1 Bc3 19. Re3 Bb4 20. Qb2 a4 21. a3 Bxd2 22.
Nxd2 axb3 23. Bc4 f5 24. Qc3 fxe4 25. Bb2 Nf5 26. Ree1 Qf6 27. Qxf6 gxf6 28.
Nxb3 Nxb3 29. Bxb3 e3 30. Rbc1 exf2+ 31. Kxf2 Rf7 32. Re2 Re7 0-1

[Event "Titled Tue 20th May Early"]
[Site "chess.com INT"]
[Date "2025.05.20"]
[Round "2"]
[White "Karttunen, Mika"]
[Black "Bachmann, Axel"]
[Result "0-1"]
[WhiteTitle "IM"]
[BlackTitle "GM"]
[WhiteElo "2490"]
[BlackElo "2570"]
[WhiteFideId "502081"]
[BlackFideId "3700488"]
[EventDate "2025.05.20"]

1. d4 Nf6 2. c4 c5 3. d5 e6 4. Nc3 exd5 5. cxd5 d6 6. e4 g6 7. Nge2 Bg7 8. Ng3
h5 9. Be2 a6 10. a4 Nbd7 11. h3 Rb8 12. O-O h4 13. Nh1 Nh7 14. Be3 O-O 15. f4
Re8 16. e5 dxe5 17. f5 Ndf6 18. fxg6 fxg6 19. Bxc5 Ng5 20. Nf2 Bf5 21. Qd2 Nf7
22. d6 e4 23. Bc4 Qd7 24. Rae1 Rbc8 25. Bxf7+ Qxf7 26. Ncxe4 Bxe4 27. Nxe4 Rxe4
28. Rxf6 Rxe1+ 29. Qxe1 Bxf6 30. b4 Rxc5 31. bxc5 Bd4+ 32. Kh1 Bxc5 0-1

[Event "Titled Tue 20th May Early"]
[Site "chess.com INT"]
[Date "2025.05.20"]
[Round "2"]
[White "Nihal, Sarin"]
[Black "Barria Zuniga, Daniel"]
[Result "1-0"]
[WhiteTitle "GM"]
[BlackTitle "IM"]
[WhiteElo "2693"]
[BlackElo "2341"]
[WhiteFideId "25092340"]
[BlackFideId "3400816"]
[EventDate "2025.05.20"]

1. a3 c5 2. b4 e5 3. Bb2 f6 4. e3 d5 5. bxc5 Bxc5 6. Nf3 Nc6 7. Be2 Nge7 8. O-O
O-O 9. d4 Qb6 10. Nc3 exd4 11. Na4 Qa5 12. Nxc5 Qxc5 13. Nxd4 Rd8 14. a4 a6 15.
Ba3 Qb6 16. Nb3 Qc7 17. Bf3 Be6 18. Rb1 b6 19. Nd4 Bf7 20. Bxe7 Nxe7 21. Qd3 g6
22. Rb3 Nc6 23. Rc3 Rd6 24. Rb1 Qd7 25. Nxc6 Rxc6 26. Rxc6 Qxc6 27. h4 Qxa4 28.
Rxb6 a5 29. g3 Qa1+ 30. Kg2 Qe5 31. Rb5 a4 32. Rxd5 Qe7 33. Rd7 Qf8 34. Rxf7
Kxf7 35. Qd5+ Kg7 36. Qxa8 Qxa8 37. Bxa8 a3 38. Bd5 1-0

[Event "Titled Tue 20th May Early"]
[Site "chess.com INT"]
[Date "2025.05.20"]
[Round "2"]
[White "Bouska, Jiri"]
[Black "Keneshbekov, Elim"]
[Result "1-0"]
[WhiteTitle "FM"]
[BlackTitle "CM"]
[WhiteElo "2318"]
[BlackElo "1867"]
[WhiteFideId "23722223"]
[BlackFideId "13816772"]
[EventDate "2025.05.20"]

1. e4 c5 2. Nf3 d6 3. d4 cxd4 4. Nxd4 Nf6 5. Nc3 a6 6. h3 e5 7. Nf3 h6 8. Bc4
Be7 9. Be3 Qc7 10. Bb3 Be6 11. O-O O-O 12. Qe2 b5 13. Rfd1 b4 14. Nd5 Nxd5 15.
Bxd5 Bxd5 16. Rxd5 Nd7 17. Rd2 Nf6 18. Qd3 Rfd8 19. Nh4 d5 20. exd5 Rxd5 21. Qe2
Rxd2 22. Qxd2 Rc8 23. Nf5 Bf8 24. Rc1 Rd8 25. Qe2 a5 26. c3 Qd7 27. c4 Qxf5 28.
c5 Nd5 29. c6 Nxe3 30. Qxe3 Qf4 31. Qe1 Qd4 32. Qe2 Bd6 33. Qa6 Bc7 34. Qb7 1-0

[Event "Titled Tue 20th May Early"]
[Site "chess.com INT"]
[Date "2025.05.20"]
[Round "2"]
[White "Jaiveer, Mahendru"]
[Black "Niemann, Hans Moke"]
[Result "0-1"]
[WhiteTitle "FM"]
[BlackTitle "GM"]
[WhiteElo "2230"]
[BlackElo "2736"]
[WhiteFideId "25611151"]
[BlackFideId "2093596"]
[EventDate "2025.05.20"]

1. e4 e5 2. Nf3 Nc6 3. Bc4 Be7 4. d4 d6 5. Nc3 Nf6 6. d5 Nb8 7. a4 c6 8. a5 a6
9. Qe2 O-O 10. O-O Bg4 11. h3 Bh5 12. Ra3 Nbd7 13. Be3 Qc7 14. dxc6 bxc6 15.
Bxa6 d5 16. Ra4 d4 17. g4 Bg6 18. Nxd4 exd4 19. Bxd4 Nc5 20. Bxc5 Bxc5 21. Kg2
Rfe8 22. Rc4 Ba7 23. Bb5 Re6 24. f4 Rae8 25. e5 Qb7 26. Qf3 Ne4 27. Rxe4 Bxe4
28. Qxe4 Kh8 29. Bc4 R6e7 30. Bb3 Qc7 31. Rd1 Qxa5 32. Qxc6 Rf8 33. Rd7 Rxd7 34.
Qxd7 Qc5 35. Qd2 Qg1+ 36. Kf3 Qf1+ 37. Ke4 Qh1+ 38. Kf5 Bc5 39. Ne4 g6+ 40. Kg5
Qxe4 41. Qc3 Be7+ 42. Kh6 Qxf4+ 0-1

[Event "Titled Tue 20th May Early"]
[Site "chess.com INT"]
[Date "2025.05.20"]
[Round "2"]
[White "Aarit Kapil"]
[Black "Andersen, Alec"]
[Result "1-0"]
[WhiteTitle "CM"]
[WhiteElo "2098"]
[BlackElo "2019"]
[WhiteFideId "33408947"]
[BlackFideId "2096978"]
[EventDate "2025.05.20"]

1. e4 c5 2. Nf3 d6 3. d4 cxd4 4. Nxd4 Nf6 5. Nc3 a6 6. Bc4 e6 7. Bb3 b5 8. O-O
Qc7 9. Re1 Be7 10. Bg5 O-O 11. Qf3 Nc6 12. Nxc6 Qxc6 13. Bxf6 Bxf6 14. Nd5 Bd8
15. Rad1 Ra7 16. Nb4 Qb6 17. Qg3 Be7 18. Nd3 a5 19. a3 Bf6 20. c3 g6 21. h3 Rd8
22. e5 dxe5 23. Nxe5 b4 24. Rxd8+ Qxd8 25. Nc6 Qd2 26. Rd1 Qxb2 27. Nxa7 Qxb3
28. Qd6 Bb7 29. cxb4 axb4 30. axb4 Kg7 31. Rc1 1-0